00445nam a2200133Ia 4500008004100000020001800041050002700059100003000086245010700116260003800223300002100261500002000282521000900302140527s9999 xx 000 0 und d a9789712356834 aHG 4016.P6b.An15 2010 aAnastacio, Ma. Flordeliza aFundamentals of financial management (with industry-based perspective) /cMa. FlordelizaAnastacio. aManila :bRex Book Store,cc2010. a214 p. :c25 cm. aIncludes index. aBSBA